[Event "Olympiad-31"]
[Site "Moscow"]
[Date "1994.12.11"]
[Round "10.2"]
[White "Kurajica, Bojan"]
[Black "Wang, Zili"]
[Result "1-0"]
[WhiteElo "2565"]
[BlackElo "2505"]
[Annotator "Stohl,I"]
[PlyCount "69"]
[EventDate "1994.12.01"]
[EventType "team-swiss"]
[EventRounds "14"]
[EventCountry "RUS"]
[SourceTitle "CBM 045"]
[Source "ChessBase"]
[SourceDate "1995.04.01"]
[SourceVersion "1"]
[SourceVersionDate "1995.04.01"]
[SourceQuality "1"]
[WhiteTeam "Bosnia&Herzegovina"]
[BlackTeam "China"]
[WhiteTeamCountry "BIH"]
[BlackTeamCountry "CHN"]

1. d4 Nf6 2. Nf3 c5 3. c3 cxd4 4. cxd4 g6 5. Nc3 d5 6. e3 Bg7 7. Bb5+ $5 {-D94}
(7. Ne5 O-O 8. Bd3 Nfd7 (8... e6 $5) 9. Nxd7 Nxd7 10. Nxd5 Qa5+ 11. Nc3 e5 12.
Bd2 exd4 13. Nb5 Qb6 14. Nxd4 Bxd4 15. exd4 Qxd4 16. Bc3 Re8+ 17. Kf1 Qb6 18.
Qa4 a6 19. h4 Qc6 20. Qd4 Ne5 21. Re1 f6 22. f4 Bh3 23. Rxh3 Rad8 24. Qxd8 Rxd8
25. fxe5 $18 {Gonzalez,JM-Boyero,J/ESP-chT/1990/}) 7... Bd7 (7... Nc6 8. Ne5
Bd7 9. Qa4 (9. Nxd7 Qxd7 10. Bd2 O-O 11. Rc1 Rfc8 12. Na4 Ne4 13. O-O e5 14.
Nc5 Nxc5 15. dxc5 a6 16. Ba4 Qe7 17. b4 e4 18. Bb3 Rd8 19. f3 Ne5 20. Qe2 Rd7
$132 {Kozul,Z-Nikolic,P/Portoroz/Rogaska Slatina/1993/}) 9... Qc7 10. Nxd7 Qxd7
11. O-O O-O 12. Bxc6 bxc6 13. b3 Rfe8 $5 (13... Rfc8 14. Ba3 a5 15. Rac1 Bf8
16. Bc5 Qe8 17. Qa3 Nd7 18. Na4 Nxc5 19. Qxc5 e5 20. Qc3 exd4 21. Qxd4 $14 {
Sokolov,I-Nikolic,P/Portoroz/Rogaska Slatina/1993/}) 14. Ba3 a5 15. Rac1 Qb7
16. Rc2 Bf8 17. Rfc1 Ra6 18. Ne2 Qb5 $10 19. Kf1 $6 Qxa4 20. bxa4 Rc8 21. Rb1
e6 22. Bxf8 Kxf8 23. Nc1 Rc7 24. Nd3 Nd7 25. Nc5 Nxc5 26. Rb8+ Ke7 27. Rxc5 Kd6
$15 {Sokolov,I-Salov,V/Wijk/1991/}) (7... Nbd7 8. Qb3 e6 9. Qa3 Bf8 10. Qa4 Bg7
11. Qa3 a6 12. Bd3 Rb8 13. O-O b5 14. Qb3 O-O 15. Bd2 Nb6 16. a4 Nc4 17. axb5
axb5 18. Ra2 Bd7 19. Rfa1 Re8 20. Ne2 Ne4 21. Bb4 Bc6 22. Qd1 $14 {Arsovic,
G-Laketic,G/Kladovo ch-YU/1991/}) 8. Qb3 (8. Bxd7+ Nbxd7 9. Qb3 Nb6 10. a4 O-O
11. O-O Rb8 12. Bd2 Nc4 13. Rfc1 e6 14. Be1 Re8 15. Qa2 Bf8 16. b3 Na5 17. Ne5
Nd7 18. Nd3 Nc6 19. a5 a6 20. f4 Bd6 21. Qb2 Qe7 22. Na4 Rec8 $10 {
Calderin-Gomez,A/ch-CU Camaguey/1988/}) 8... Bxb5 (8... e6 9. Bxd7+ Qxd7 10.
Ne5 Qc8 11. Bd2 $36) 9. Qxb5+ Qd7 10. Ne5 Qxb5 11. Nxb5 Na6 12. b3 Nd7 $6 (
12... Ne4 $142 13. Ba3 f6 14. Nd3 Kd7 $1 15. Rc1 (15. f3 Kc6 $1 (15... Ng5 $6
16. Rc1 e6 17. Kd2 Bf8 18. Bxf8 Rhxf8 19. Rc2 Rfc8 20. Rxc8 Kxc8 21. Rc1+ Kd8
22. Nd6 Kd7 23. Nxb7 Nf7 24. Nbc5+ Nxc5 25. Nxc5+ $18 {Kozul,Z-Simic,R/Cetinje
tt/1990/}) 16. fxe4 dxe4 17. Nc3 exd3 18. Kd2 $10) 15... Rhc8 16. Ke2 Rc6 17.
f3 Rb6 $10 {Kurajica,B-Djuric,S/JUG-ch/1984/}) 13. Nd3 $36 {><a7,<->c} O-O $6
$146 (13... Bf8 $5 14. Ba3 e6 $14) (13... Ndb8 $5 14. Nf4 (14. Ba3 Nc6 15. Rc1
$14) 14... Nc6 $8 15. Nxd5 O-O-O 16. Ndc3 Nab4 17. Ke2 e5 $1 18. d5 Nxd5 19.
Ba3 Nxc3+ 20. Nxc3 e4 21. Rac1 Bxc3 22. Rxc3 Rd5 23. Rd1 Rhd8 24. Rxd5 Rxd5 25.
Rc5 Rxc5 26. Bxc5 Kd7 $10 {Kozul,Z-Spiridonov,N/Palma GMA-op/1989/}) (13... Nb6
14. a4 Kd7 15. Ba3 e6 $2 16. Nd6 f6 17. Nxb7 Bf8 18. Nbc5+ Nxc5 19. dxc5 Nc8
20. b4 a6 21. Ke2 Na7 22. f4 Rb8 23. Bb2 Bg7 24. Bc3 Rhe8 25. Rhb1 $18 {
Agrest,E-Cihocki,A/Miedzybrodzie Zyw./1991/}) 14. Ba3 Bf6 15. Rc1 $16 Rfc8 16.
Rxc8+ $1 Rxc8 17. Kd2 (17. Nxa7 Rc2 18. Bb2 {/\Kd1+/-}) 17... e5 (17... Ra8 18.
Rc1 $16 {<->c,פa6}) 18. dxe5 Nxe5 19. Nxa7 Ra8 20. Rc1 $1 (20. Nb5 Nc7 $5 21.
Nxc7 Rxa3 22. Nb4 $16) 20... Nxd3 (20... Rxa7 $2 21. Rc8+ Kg7 22. Bf8+ $18) 21.
Kxd3 Bh4 22. Rc8+ $1 (22. g3 Bxg3 23. hxg3 Rxa7 24. Rc8+ Kg7 25. Bb2+ $16)
22... Rxc8 23. Nxc8 Bxf2 24. Bd6 (24. Ne7+ Kg7 25. Nxd5 $18) 24... Bh4 25. Kd4
{/\b4-b5} f5 26. Kxd5 $18 Kf7 27. b4 Bd8 28. a4 Nc7+ 29. Bxc7 $1 Bxc7 30. Nd6+
Ke7 (30... Bxd6 31. Kxd6 $18) 31. Nxb7 Bxh2 32. Kc6 $1 {o^a,b} g5 33. a5 h5 34.
a6 Bb8 35. b5 {/\b6,a7} 1-0

[Event "Geneva FIDE GP"]
[Site "Geneva"]
[Date "2017.07.13"]
[Round "7"]
[White "Riazantsev, Alexander"]
[Black "Li, Chao B"]
[Result "1-0"]
[WhiteElo "2654"]
[BlackElo "2735"]
[Annotator "Sumets,A"]
[PlyCount "167"]
[EventDate "2017.07.06"]
[EventType "swiss"]
[EventRounds "9"]
[EventCountry "SUI"]
[SourceTitle "CBM 180"]
[Source "ChessBase"]
[SourceDate "2017.09.13"]
[SourceVersion "1"]
[SourceVersionDate "2017.09.13"]
[SourceQuality "1"]

1. d4 Nf6 2. c4 c6 3. Nc3 d5 4. e3 g6 5. Nf3 Bg7 6. Be2 O-O 7. O-O dxc4 8. Bxc4
Bg4 9. h3 Bxf3 10. Qxf3 Nbd7 11. Rd1 e5 {To find more information about this
position, see my article in CBM.} 12. d5 e4 $8 13. Nxe4 Nxe4 14. Qxe4 Nb6 15.
Rb1 (15. Qc2 Nxc4 (15... cxd5 16. Be2 Rc8 17. Qb3 Qc7 18. Bg4 Rcd8 19. Bd2 Nc4
20. Bc3 Na5 21. Qc2 d4 22. exd4 Bxd4 23. Rac1 Bxc3 24. Qxc3 Qxc3 25. Rxc3 Nc6
26. Kf1 $14 {1-0 (67) Svane,R (2570)-Oleksiyenko,M (2643) Sharjah UAE 2017. It
is well known that usually R+B are stronger then R+N, but Black shouldn't lose
this game.}) 16. Qxc4 cxd5 17. Rxd5 Qb6 18. Qd3 Rad8 (18... Rfd8 19. e4 Bd4 20.
Be3 (20. Qf3 $5 Rxd5 21. exd5 Rd8 22. Bf4 Qxb2 23. Rd1 $44) 20... Bxe3 21. fxe3
{1/2 (21) Buhmann,R (2641)-Ragger,M (2686) Vienna AUT 2016}) 19. e4 Bd4 20. Qf3
Rc8 21. a4 Rc2 22. a5 Qb4 23. Bh6 Qxb2 {Black regains the pawn and levels the
game.} 24. Rf1 Bg7 25. Be3 b6 26. axb6 axb6 {1/2 (26) Dubov,D (2660)-Sutovsky,
E (2650) Poikovsky RUS 2017}) (15. Bb3 cxd5 16. Qf3 Qf6 17. Qxf6 Bxf6 18. Rb1
Rac8 (18... Rfd8 19. Bd2 Nc4 20. Bc3 Kg7 21. Bxf6+ Kxf6 22. Rd4 $14 {Narayanan,
S (2536)-Kojima,S (2399) Douglas ENG 2016 1-0 (72)}) 19. Bd2 Rfd8 20. Ba5 d4
21. e4 Rc5 22. Bxb6 axb6 23. Rd3 $14 {Malakhov,V (2694)-Yu,R (2548) China 2014
1-0 (37)}) 15... Qd6 $6 {An interesting continuation, but I'm sure, after this
game, Li Chao will not play it again. I don't see if White can get something
after 15...Re8 and ...Nxc4.} (15... Re8 16. Qc2 Nxc4 (16... cxd5 17. Bb5 Re6
18. Qb3 Qh4 19. Bd2 Rd8 20. Be2 h5 21. Rbc1 Qa4 22. Rc7 Qxb3 23. axb3 $14 {
Barbosa,O (2592)-Burnett,R (2345) Arlington 2014 1/2 (74)}) 17. Qxc4 Re5 (17...
Be5 $2 {Probably there is something wrong with the notation and Peter played
17...Re5 instead of 17...Be5} 18. d6 (18. b3 Rc8 19. Bb2 $16) 18... Re6 {
1/2 (18) Banusz,T (2588)-Prohaszka,P (2554) Fano 2013}) 18. e4 (18. d6 {
leads to an equal position:} Re6 19. d7 Qc7 20. e4 Rd8 21. Qd3 Re7 22. Bg5 {
1/2 (22) Neuman,P (2470)-Sanders,I (2338) Pardubice 2015}) 18... Qe8 19. Be3
Rxe4 20. Qb3 cxd5 21. Rxd5 b6 {1/2 (21) Martinovic,S (2531) -Sumets,A (2614)
Zadar 2013} 22. Rbd1 Rc8 23. Rd7 Re7 $11) 16. Bb3 cxd5 (16... Nxd5 {As you can
see, Black is OK after 17.Bxd5 cxd5 18.Rxd5 Qa6 but I don't see a good move
for Black after 17.Qf3.} 17. Qf3 $1 (17. Qd3 $5 Qe7 18. Bxd5 cxd5 19. b3 $14) (
17. Bxd5 cxd5 18. Qxd5 Qa6) 17... Qe7 18. Bxd5 cxd5 19. Rxd5 Rad8 20. b3 Rxd5
21. Qxd5 b6 (21... Rd8 22. Ba3 $1 $16) 22. Bb2 Rd8 23. Ba3 $1 Rxd5 24. Bxe7 Rd2
25. a4 $16) 17. Qd3 $1 $146 {This is a very logical novelty, White wants to
finish his development and then he can take on d5. If Black protects his
d5-pawn then White can play Bd2, Ba5. As we could learn from the game Malakhov,
V-Yu,R China 2014, White doesn't mind playing endgames with opposite coloured
bishops. I think that Black should have played 15...Re8 instead of 15...Qd6.} (
{White doesn't have any advantage after} 17. Bxd5 Nxd5 18. Rxd5 Qa6 19. a3 (19.
b4 Qxa2 20. Rd2 Qa4 (20... Qa6 $1 21. Bb2 Rfe8 $11) 21. Qxb7 Rad8 22. Qc7 Rc8
23. Qa5 Qxa5 24. bxa5 Bc3 25. Rd7 $14 {1-0 (40) Aleksandrov,A (2612)-Mu,K 
(2294) New Delhi 2012. Black should make a draw.}) 19... Rad8 $44 20. Qf3 $2
Qe6 $1 21. e4 Rxd5 22. exd5 Qe1+ 23. Kh2 Re8 $1 $17 {Shulman,Y (2617)-Li,C 
(2669) Ningbo 2011 0-1 (31)}) 17... a5 {It seems to me that Black should
include ...a5, a3 or White will play Bd2, Ba5.} (17... Rac8 18. Bd2 Nc4 19. Bc3
Rfd8 20. Bxg7 Kxg7 21. Qd4+ Qf6 22. Qxa7 $16) (17... Qe7 18. Bd2 Rfd8 19. Ba5
d4 20. e4 $16) 18. a3 Qe6 {Black has to choose among many continuations which
lead to different difficult positions. It is tough work for everybody.} (18...
a4 19. Ba2 Qc6 20. Bd2 Rfd8 21. Bc3 $1 (21. Rbc1 Nc4 22. Bc3 b5 23. Bxg7 Kxg7
24. Qc3+ Qf6 25. Rd4 $14) 21... Bxc3 22. bxc3 Rac8 23. Rb4 $16) 19. Bd2 Rfc8 ({
If Li Chao could use a computer than maybe he would prefer} 19... Rfd8 {
with the following line:} 20. Be1 a4 21. Ba2 Rac8 22. Ba5 Rc5 23. Bb4 $1 (23.
Qd2 Rdc8 24. Bxb6 Qxb6 25. Bxd5 Rc2 26. Qd3 Bxb2 (26... Rxb2 27. Bxf7+ $16) 27.
Be4 Qb3 28. Qxb3 axb3 29. Bxb7 R8c3 30. Bd5 Bxa3 31. Bxb3 $14 {Black should
make a draw.}) 23... Rcc8 24. e4 Qxe4 25. Qxe4 dxe4 26. Ba5 Rxd1+ 27. Rxd1 Rc6
28. Rd8+ Bf8 29. Re8 $16 {Black's position is unpleasant.}) 20. Be1 Rc5 21. Ba2
Nc4 22. b4 axb4 23. Bxb4 $16 Rcc8 {Alexander could have chosen among different
positions with advantage and I think that he has made the right choice.} 24.
Bb3 $1 b5 25. Qxd5 Qxd5 26. Rxd5 Nxa3 27. Bxa3 Rxa3 {It is very difficult to
assess correctly White's chances to win the game.} 28. Rd7 $5 ({The computer
prefers to take on b5} 28. Rxb5 Ra7 29. g3 Rcc7 {In this case Black would
protect the f7-pawn.}) 28... Rf8 29. Rb7 Bc3 30. g4 {It is obvious that sooner
or later White will win the f7-pawn, he has 3 pieces, which could attack it
and Black has only 2 defenders.} b4 31. h4 h6 32. g5 {I think that White
shouldn't hurry playing g5 and f4} (32. Kg2 {I would prefer to put the king on
g3 and then play g5.} Kg7 33. Kg3 Ra5 34. Rd1 Ra3 35. Bc4 Be5+ 36. Kg2 $16 {
threatening Rdd7 and Rxb4.}) 32... hxg5 33. hxg5 Ra5 34. f4 Bd2 35. Kf2 Rc5 {
Black has some counterplay, so the next moves are forced.} 36. Rd1 ({Or} 36.
Rb2 Rc3 37. Bxf7+) 36... Rc3 37. Bxf7+ Rxf7 38. Rb8+ Kg7 39. Rxd2 {So, White
has won a pawn and there are no more opposite coloured bishops. However now
the b4-pawn is more a passed pawn than a weakness. The position which has
arisen seems to be drawish.} Re7 40. Re2 (40. Rxb4 Rcxe3 {is a draw.}) 40... b3
41. Rb4 Rd7 42. Kf3 Re7 43. Re1 Rd7 44. Re2 (44. Kg4 Rdc7 45. e4 R7c4 46. Rxc4
Rxc4 {with the following ...Rb4. It leads to a draw.}) 44... Re7 45. Rb6 Kf7 {
White doesn't have a way to improve his position, so Black can wait.} 46. Kf2
Kg7 (46... Re6 47. Rb7+ Re7 48. Rb5) 47. e4 {I don't see other plans. White
sacrifices the pawn but he trades rooks and his king can penetrate on e5. The
computer doesn't like 47.e4 but it doesn't propose any idea, that can help
White to win the game.} Rf7 48. Re3 $8 Rxf4+ 49. Kg3 Rxe3+ 50. Kxf4 Rc3 (50...
Rd3 51. Ke5 Re3 52. Rb7+ Kg8 53. Rb5 Kf7 54. Rb4 Rf3 55. Rb7+) 51. Rb7+ Kg8 52.
Rb5 {Alexander doesn't need to hurry.} Kf7 53. Ke5 Ke7 54. Rb7+ Kd8 55. Kd6 (
55. Kf6 Rc6+ 56. Ke5 (56. Kg7 $4 Rc7+ $19) 56... Rc3) 55... Kc8 56. Rb4 Rd3+
57. Ke6 Kc7 58. e5 $1 (58. Kf7 Rd7+ 59. Kxg6 Rd6+ 60. Kf7 Rb6 61. Rxb6 Kxb6 62.
g6 b2 63. g7 b1=Q 64. g8=Q Qxe4 $11) 58... Rf3 $6 ({The easiest way to make a
draw is} 58... Kc6 59. Kf6 Kc5 60. Rb8 Rf3+ 61. Kxg6 Kd5 62. Rb5+ Kc6 63. Rb4
Kd5 $11) 59. Ke7 Kc6 60. e6 Kd5 61. Kd7 Rd3 62. Rb7 Ke5+ $6 {Objectively the
position is still drawish, but it is only mathematics. In practice, in an
overwhelming number of cases, White will win the endgame. So 62...Ke5 could be
assessed as 'the last mistake, which leads to a lost position'.} (62... Kc5+ $1
{and Black shouldn't use tablebase to prove that the position which has arisen
is drawish.} 63. Ke8 (63. Ke7 Kc6 64. Rb8 Kc7 65. Rb4 Kc6 66. Kf7 Rf3+ 67. Ke8
Kc5 68. Rb7 Kc6 69. Rb8 Rh3 70. Kf7 Rf3+ 71. Ke7 Re3 72. Rc8+ Kd5 73. Rd8+ Ke5
74. Rd2 (74. Rb8 Kf5 75. Rb5+ Re5 76. Rxe5+ Kxe5 77. Kf7 b2 78. e7 b1=Q 79.
e8=Q+ Kf4 $11) 74... Kf5 75. Kd7 Kxg5 76. e7 Kf5 77. e8=Q Rxe8 78. Kxe8 g5 $11)
63... Kc6 64. Rb8 Rh3 65. Kf7 Rf3+ 66. Kxg6 Kd6 {The strong b3-pawn helps
Black to save the game.} 67. Rb6+ Ke7 68. Kh6 Rh3+ 69. Kg7 Rc3 70. g6 Rh3 71.
Kg8 Rd3 72. g7 Rf3 $11) 63. Ke7 Kd5 64. Rd7+ Ke4 65. Rxd3 Kxd3 66. Kf6 b2 67.
e7 b1=Q 68. e8=Q Kd4 69. Qxg6 {According to the Nalimov tablebases the
position is drawish. However, the distance between 'drawish according to the
Nalimov tablebase' and draw is huge. I think that it is impossible to play
such endgames precisely and if I couldn't look at tablebase I would believe
that White's position is winning.} Qb8 70. Qg7 Ke4 71. Qh7+ Kf3 $2 (71... Kd4)
(71... Ke3) 72. Qf5+ Kg2 73. Qd5+ Kh3 74. g6 Qf8+ 75. Kg5 Qe7+ 76. Kh6 Qe3+ 77.
Kh7 Qe7+ 78. g7 Qh4+ 79. Kg6 Qg3+ 80. Kf6 Qh4+ 81. Kf7 Qf4+ 82. Ke7 Qh4+ 83.
Ke8 Qe1+ 84. Kd7 1-0

[Event "EU-Cup 27th"]
[Site "Rogaska Slatina"]
[Date "2011.10.01"]
[Round "7"]
[White "Vitiugov, Nikita"]
[Black "Petrosian, Tigran L"]
[Result "1-0"]
[WhiteElo "2726"]
[BlackElo "2658"]
[Annotator "Vitiugov,N"]
[PlyCount "119"]
[EventDate "2011.09.25"]
[EventType "team-swiss"]
[EventRounds "7"]
[EventCountry "SLO"]
[SourceTitle "CBM 145"]
[Source "ChessBase"]
[SourceDate "2011.11.11"]
[SourceVersion "1"]
[SourceVersionDate "2011.11.11"]
[SourceQuality "1"]
[WhiteTeam "St Petersburg"]
[BlackTeam "Yerevan Mika"]
[WhiteTeamCountry "RUS"]
[BlackTeamCountry "ARM"]

{Our team played very well in this European Cup - before the last round we had
5 wins, 1 draw and one extra game point over Baden-Baden, which had the same
result. So, a win in this match would give us the gold medals. That's why I
tried my best that day.} 1. c4 c6 2. Nf3 d5 3. e3 Nf6 4. Nc3 g6 5. d4 Bg7 6. h3
O-O 7. Bd3 c5 {The strange Grünfield appears.} 8. O-O cxd4 9. exd4 Nc6 10. a3
dxc4 11. Bxc4 a6 {My opponent played very quickly in the opening. I understood
the reason only after the game.} 12. d5 {In my opinion, a very logical way,
after which White should have an advantage.} (12. Ba2 b5 13. Re1 Bb7 14. Bg5
Rc8 15. Rc1 Na5 16. Ne5 Nc4 17. Qe2 Qxd4 18. Nxc4 bxc4 19. Qxe7 Qb6 {and Black
solved his problems in Akopian-Gagunashvili, Khanty Mansiysk 2010.}) 12... Na5
13. Ba2 b5 14. Qe2 {I was satisfied by the opening after finding this plan -
Qe2, Rd1 and then Ne5.} Bb7 15. Rd1 Rc8 (15... Qd6 {doesn't change anything}
16. Ne5 (16. Rd4 Nh5 17. Re4 Bxc3 $1 18. bxc3 Nf6 19. Bf4 Qc5 20. Be3 Qd6 $11)
16... Nd7 17. Nxd7 Qxd7 18. Bf4 $14) 16. Ne5 Nd7 17. Bf4 Nxe5 (17... Re8 $2 {
is impossible because of} 18. Nxf7 $1 Kxf7 19. Qe6+ Kf8 20. Ne4 Nc5 21. Nxc5
Rxc5 22. d6 Nc4 23. Bxc4 bxc4 24. dxe7+ Qxe7 25. Bd6 $18) 18. Bxe5 Bxe5 19.
Qxe5 Qd6 {A risky decision. Now White has a wide choice of attractive
continuations.} (19... Nc4 $5 20. Bxc4 Rxc4 21. Re1 Re8 22. Rad1 $14) 20. Qg5 {
I prefered to play with queens - White has some chances for an attack.} (20.
Qxd6 exd6 21. Rd4 $14) (20. Re1 $5) 20... Qf6 $2 {In my opinion, Black should
play this way only if there isn't any other choice.} (20... Nc4 21. Re1 $1 ({
To play for mate is impossible:} 21. Rd4 $2 Nxb2 22. Ne4 Qb6 $1 23. Rb4 (23.
Rd2 Nc4 24. Qh6 f6 $17) 23... Nd3 24. Qh6 Rc2 $17) (21. Bxc4 Rxc4 22. Re1 f6
23. Qh6 g5 $1 $13) 21... Rfe8 (21... Nxb2 $2 22. Ne4 $16) 22. Bxc4 Rxc4 23. Ne4
$1 (23. Rad1 Qf4) 23... Qd7 24. Rad1 $36) 21. Qxf6 exf6 22. Rd4 ({I rejected} 
22. Re1 {because of} Rfe8 23. d6 Kf8 {and Black would hold.}) 22... Rfd8 23.
Re1 (23. g4 $5) 23... Kf8 ({Maybe Tigran should try} 23... f5 24. Re7 Rd6 25.
Rd3 $1 ({I was going to play} 25. a4 Kf8 26. Re2 Nc4 27. axb5 axb5 $1 ({
During the game I thought I won after} 27... Nxb2 28. Nb1 $16) 28. Nxb5 Rxd5 $1
$11) 25... Kf8 26. Rde3 h5 27. g4 $1 hxg4 $140 28. hxg4 fxg4 29. b4 Rxc3 30.
Re8+ $16) 24. g4 $1 {A strong positional move, after which White has a big
advantage.} Nc4 $6 {Black's chances without the knight were close to zero.} (
24... Ba8 $5) 25. Bxc4 Rxc4 26. Rxc4 bxc4 27. f3 $16 f5 $6 {It was difficult
to recommend any moves for Black, but I disliked this move, in spite of the
fact that it had a nice positional aim - to control the e4-square.} 28. gxf5
gxf5 29. Kf2 f4 (29... Kg7 $5 30. Rd1 $16 (30. Kg3 $6 Kf6 31. Kf4 Bxd5 $1)) 30.
Re4 Rd7 31. Rd4 Ke7 32. h4 {A useful move in the coming endgame of knight vs
bishop.} h6 33. Re4+ Kf8 34. Rxc4 Bxd5 35. Rd4 Be6 36. Rxd7 Bxd7 37. Nd5 Bc6
38. Nxf4 Ke7 39. Ke3 Kd6 40. Nd3 a5 {Of course, the position was winning for
White, but the importance of the game put some pressure for me. We had -1, but
a winning rook endgame in Zvjaginsev's game. I had confidence in Vadim. Maybe,
if we played on in both games, it would be better for us.} 41. Nf2 Ke6 42. b4
a4 $5 {The only chance for Black - the position without pawns on the queenside
was absolutely losing.} 43. Ne4 Kd5 44. b5 $1 {Nice decision.} Bxb5 {Losing
fast.} 45. Nc3+ Kc4 46. Nxb5 Kxb5 47. Kd4 h5 (47... Kc6 48. Kc4 f5 49. Kb4 Kd5
50. Kxa4 Kd4 51. Kb5 Ke3 52. a4 Kxf3 53. a5 f4 54. a6 Ke2 55. a7 f3 56. a8=Q
$18) 48. Kd5 Kb6 49. f4 Kc7 50. Kc5 ({I was afraid that} 50. Ke5 {wouldn't win
because of} Kc6 (50... Kd7 51. Kf6 Ke8 52. Kg7 Ke7 53. f5 $18) 51. f5 (51. Kf6
Kd5 $1) 51... Kd7 52. Kf6 Ke8 53. Kg5 Kf8 54. Kxh5 $2 (54. f6 $1 $18) 54... Kg7
55. Kg4 f6 $11) 50... Kd7 51. Kb5 Ke6 52. Kxa4 Kf5 53. Kb5 Kxf4 54. a4 f5 55.
a5 Ke3 56. a6 f4 57. a7 f3 58. a8=Q f2 59. Qg2 Ke2 60. Kc4 {We had won the
last match 3.5-2.5 and won the tournament - first victory for the Saint
Petersburg team in the European Club Cup. I was very happy to be one of the
players in this nice team.} 1-0